Tatranská filozofia a globálne expedície Pavla Barabáša

Rozhovor so slovenským cestovateľom a filmárom Pavlom Barabášom.

Saved in:
Bibliographic Details
Main Author: Barabáš, Pavol
Format: Book Chapter
Language:Slovak
Subjects:
Tags: Add Tag
No Tags, Be the first to tag this record!

MARC

LEADER 00000naa a2200000 4500
001 0213955
005 20220725111021.1
041 0 |a slo 
044 |a SK 
245 1 0 |a Tatranská filozofia a globálne expedície Pavla Barabáša  |c Pavol Barabáš 
520 |a Rozhovor so slovenským cestovateľom a filmárom Pavlom Barabášom. 
610 2 0 |a Slovensko 
610 2 0 |a rozhovor 
610 2 0 |a osobnosť 
610 2 0 |a priemysel umelecký 
610 2 0 |a umenie 
610 2 0 |a film 
610 2 0 |a fotografia 
610 2 0 |a turistika 
610 2 0 |a kreativita 
100 1 |a Barabáš, Pavol